Statistiken für 1-50 tippen

Klicken Sie hier um das Quiz zu spielen!

Allgemein

  • Dieses Quiz wurde 1.775 mal gespielt
  • Das Durchschnittsergebnis liegt bei 21 aus 50

Antwortstatistiken

Number% Korrekt
1
100%
2
99%
3
98%
4
97%
5
97%
6
96%
7
95%
8
94%
9
94%
10
87%
11
84%
12
81%
13
77%
14
75%
15
73%
16
72%
17
69%
18
67%
19
65%
20
57%
21
52%
22
46%
23
42%
24
38%
25
35%
26
31%
27
29%
28
26%
29
24%
30
16%
31
15%
32
13%
33
9%
34
8%
35
6%
36
6%
37
5%
38
3%
39
2%
40
1%
41
1%
42
1%
43
1%
44
1%
45
1%
46
1%
47
0%
48
0%
49
0%
50
0%

Verteilung der Resultate

Perzentil nach korrekt beantworteten Fragen

Anzahl Personen mit jedem Resultat

Ihre Resultats-Entwicklung

Sie haben dieses Quiz noch nicht gespielt